| 000 -LEADER |
| fixed length control field |
02487nmm a22002297a 4500 |
| 003 - CONTROL NUMBER IDENTIFIER |
| control field |
OSt |
| 005 - DATE AND TIME OF LATEST TRANSACTION |
| control field |
20240419093934.0 |
| 008 - FIXED-LENGTH DATA ELEMENTS--GENERAL INFORMATION |
| fixed length control field |
191018e xxu|||||o||d| 00| 0 spa d |
| 020 ## - INTERNATIONAL STANDARD BOOK NUMBER |
| International Standard Book Number |
9789873003455 |
| 040 ## - CATALOGING SOURCE |
| Transcribing agency |
PJ |
| 245 10 - TITLE STATEMENT |
| Title |
Revista Laboral : |
| Remainder of title |
derecho y deberes de las partes - I / |
| Statement of responsibility, etc |
Mario E. Ackerman director. |
| 260 ## - PUBLICATION, DISTRIBUTION, ETC. (IMPRINT) |
| Place of publication, distribution, etc |
Santa Fé : |
| Name of publisher, distributor, etc |
Rubinzal Culzoni, |
| Date of publication, distribution, etc |
2012. |
| 300 ## - PHYSICAL DESCRIPTION |
| Extent |
792 p. |
| Dimensions |
22 cm. |
| 310 ## - CURRENT PUBLICATION FREQUENCY |
| Current publication frequency |
semestral |
| 362 ## - DATES OF PUBLICATION AND/OR SEQUENTIAL DESIGNATION |
| Dates of publication and/or sequential designation |
No. 1 (2012) |
| 500 ## - GENERAL NOTE |
| General note |
Derechos fundamentales de la persona del trabajador y poderes empresariales, por Wilfredo Sanguineti Raymond; <br/>Las facultades de dirección del empleador y sus límites, por Carlos Alberto Livellara; <br/>Reflexiones sobre la responsabilidad social empresaria. Vinculación con el Derecho Laboral, por Carlos Alberto Toselli y Alicia Graciela Ulla;<br/>La manzana que cayó del árbol. Los derechos de la trabajadora embarazada a la luz de la reciente interpretación de la CSJN, por Osvaldo Mario Samuel; <br/>Mando, obediencia, disciplina y resistencia, por José Daniel Machado; <br/>Variables del deber de rendimiento laboral, por Agustín Adam; <br/>La obligación de dar ocupación efectiva, por David Duarte; <br/>La sustancial prohibición de innovar del artículo 66 de la LCT, por Diego Tosca; <br/>La obligación contractual de seguridad y las consecuencias de su incumplimiento, por Mario E. Ackerman; <br/>Derechos y deberes de conducta durante la etapa de formación del contrato de trabajo. El antecontrato laboral. Aportes para su estudio, por Diego J. Tula; <br/>Algunas notas sobre la objeción de conciencia en el ámbito laboral, por Eduardo A. Loustaunau; <br/>La suspensión indirecta individual, por Jorge J. Sappia; <br/>La retención de tareas en el Derecho del Trabajo. Su procedencia en caso de "mobbing", por Beatriz Calvimonte; <br/>Los derechos de los niños actores, por Liliana Hebe Litterio; <br/>Deberes y derechos derivados de la actividad sindical, por Carlos María Fenés; <br/>Auxilio o ayudas extraordinarias, por Sebastián César Coppoletta; <br/>La responsabilidad del trabajador por daños a su empleador, por Pablo Daniel Marco.<br/><br/>Jurisprudencia Sumarios y sistematización de fallos, por Raúl Horacio Ojeda, Diego Guirado y Gisel Gallino.<br/><br/> |
| 650 #0 - SUBJECT ADDED ENTRY--TOPICAL TERM |
| 9 (RLIN) |
1316 |
| Topical term or geographic name as entry element |
DERECHO LABORAL |
| 650 #0 - SUBJECT ADDED ENTRY--TOPICAL TERM |
| Topical term or geographic name as entry element |
OBLIGACIONES DE LAS PARTES |
| 700 ## - ADDED ENTRY--PERSONAL NAME |
| 9 (RLIN) |
1423 |
| Personal name |
Ackermann, Mario Eduardo |
| Función |
director |
| 856 ## - ELECTRONIC LOCATION AND ACCESS |
| Uniform Resource Identifier |
<a href="https://www.rubinzal.com.ar/revistas/revista-de-derecho-laboral/5/?menupc=1">https://www.rubinzal.com.ar/revistas/revista-de-derecho-laboral/5/?menupc=1</a> |
| Link text |
Revista Derecho Laboral |
| 942 ## - ADDED ENTRY ELEMENTS (KOHA) |
| Source of classification or shelving scheme |
|
| Koha item type |
Publicaciones Periódicas |